000 01083nam0a22003251 4500
001 v19\rc\1999453
005 20251118181258.2
035 _a(NLR Aleph) 005075194
090 _a7137643
_c7137643
100 _a20080811d1915 m y0rusy50 ca
101 0 _arus
102 _aRU
105 _aa z |||||
200 1 _aГадание на картах по древнейшим и новейшим источникам
_e"Старым и малым на потеху"
_fсост. Е.Т. См-ва
210 _aПетроград
_d1915
215 _a8 с.
_cил.
517 1 _aСтарым и малым на потеху
_zrus
606 1 _aГадание на картах
_91327172
_3RU\NLR\AUTH\66236514
620 _aRU
_dСанкт-Петербург
686 0 _aЭ391.215
_2rubbk
702 1 _aСм-ва
_bЕ.Т.
_4220
801 0 _aRU
_bNLR
_gpsbo
801 0 _aRU
_bRuMoRGB
_2psbo
801 1 _aRU
_bProSoft-M
_2rusmarc
801 2 _aRU
_bNLR
_c20160309
_2rusmarc
852 _aNLR
_j37.59.8.281
852 _aNLR
_bМф
_jК1/19500
899 _aБАН
942 _cBOOK
980 _aNB